Представление документа в формате MARC21

ПолеНазваниеЗначение
  Тип записи a
  Библиографический уровень m
001 Контрольный номер RU/URAIT/544358
003 Принадлежность контрольного номера https://urait.ru/bcode/544358
005 Дата корректировки 20240827112622.4
008 Кодируемые данные
020 Индекс ISBN __
a ISBN 978-5-534-14393-5
c Цена, тираж 1099.00
040 Источник каталогиз. __
a Служба первич. каталог. ИКО Юрайт
b Код языка каталог. rus
c Служба, преобразующая запись ИКО Юрайт
041 Код языка издания 0_
a Код языка текста rus
044 Код страны публикации __
a Код страны публикации RU
073 _1
a 9785534143935
d 1099.00
080 Индекс УДК __
a Индекс УДК 331.108(075.32)
084 Индекс другой классификации/Индекс ББК __
a Индекс другой классификации/Индекс ББК 65.05я723
2 Источник индекса rubbk
091 Индексы/ коды __
a Индекс ББК (DOS) 65.05я723
z rubbk
100 Автор 1_
a Автор Семенова Л. М.
q Полное имя Лидия Михайловна
230 __
a Электрон. дан.
245 Заглавие 00
a Заглавие Управление персоналом. Имиджбилдинг на рынке труда
b Продолж. заглавия учебник и практикум
c Ответственность Л. М. Семенова.
260 Выходные данные 1_
a Место издания Москва
b Издательство Юрайт
c Дата издания 2024
300 Физическое описание __
a Объем 243 с
440 Серия _0
a Серия Профессиональное образование
500 Примечания __
a Примечание URL: https://urait.ru/bcode/544358 (дата обращения: 27.08.2024).
520 Аннотация __
a Аннотация В настоящее время, когда все больше усложняются отношения между людьми, актуализируется проблема восприятия человека человеком и растет потребность быть принятым в обществе должным образом, утвердиться в качестве совершенного и практичного профессионала. Особенно важно работать над эффективным имиджем специалистам в области коммуникации и публичной деятельности. Данный учебник и практикум содержит специальную программу, предназначенную для выпускников вуза и молодых специалистов, которая помогает выбрать модель социального поведения в условиях конкуренции и приобрести навыки самостоятельного поиска работы. Спецкурс поможет студентам овладеть технологией самомаркетинга, самобрендинга, самоимиджирования, самопрезентации, которую они смогут применить в учебной деятельности, на производственной практике, а в дальнейшем и при трудоустройстве, в профессиональной карьере. Соответствует актуальным требованиям Федерального государственного образовательного стандарта среднего профессионального образования и профессиональным требованиям. Рекомендовано студентам, выпускникам образовательных учреждений среднего профессионального образования, обучающимся по всем направлениям, а также молодым специалистам.
538 Прим. о системных особенностях __
a Прим. о системных особенностях Режим доступа: Электронно-библиотечная система Юрайт, для авториз. пользователей
653 Ключевые слова 2_
a Ключевые слова Реклама и связи с общественностью
653 Ключевые слова 2_
a Ключевые слова Экономические науки
653 Ключевые слова 2_
a Ключевые слова Основы управления персоналом
653 Ключевые слова 2_
a Ключевые слова Управление персоналом
653 Ключевые слова 2_
a Ключевые слова Управление трудовыми ресурсами
653 Ключевые слова 2_
a Ключевые слова Управление персоналом организации
653 Ключевые слова 2_
a Ключевые слова Управление человеческими ресурсами
653 Ключевые слова 2_
a Ключевые слова Кадровый менеджмент
653 Ключевые слова 2_
a Ключевые слова Основы управления человеческими ресурсами
653 Ключевые слова 2_
a Ключевые слова Основы управления персоналом предприятия
653 Ключевые слова 2_
a Ключевые слова Технология управления коллективами
653 Ключевые слова 2_
a Ключевые слова Управление персоналом в организации
653 Ключевые слова 2_
a Ключевые слова Управление персоналом в организациях
653 Ключевые слова 2_
a Ключевые слова Управление персоналом и организация
653 Ключевые слова 2_
a Ключевые слова Общие вопросы управления человеческими ресурсами
653 Ключевые слова 2_
a Ключевые слова Основы управления коллективом
856 Электронный адрес документа 40
n Местонахождение сервера Юрайт
g Электронная книга
q Тип электронного формата html
h Имя пользователя ЮРАЙТ
v Часы доступа к ресурсу 20251231
2 Способ доступа Показать документ
x Служебное примечание https://urait.ru/book/cover/40DEB19C-F426-4B3D-AF00-E19F8FBF91E8
u URL https://urait.ru/bcode/544358
856 Электронный адрес документа 41
q Тип электронного формата cover
u URL https://urait.ru/book/cover/40DEB19C-F426-4B3D-AF00-E19F8FBF91E8